<?xml version="1.0" encoding="UTF-8"?>
<collection xmlns="http://www.loc.gov/MARC21/slim">
 <record>
  <leader>01892nam a2200205Ia 4500</leader>
  <controlfield tag="001">CTU_85005</controlfield>
  <controlfield tag="008">210402s9999    xx            000 0 und d</controlfield>
  <datafield tag="082" ind1=" " ind2=" ">
   <subfield code="a">635.2</subfield>
  </datafield>
  <datafield tag="082" ind1=" " ind2=" ">
   <subfield code="b">Kh452</subfield>
  </datafield>
  <datafield tag="088" ind1=" " ind2=" ">
   <subfield code="a">606201</subfield>
  </datafield>
  <datafield tag="100" ind1=" " ind2=" ">
   <subfield code="a">Lê, Hữu Khôi</subfield>
  </datafield>
  <datafield tag="245" ind1=" " ind2="0">
   <subfield code="a">Đánh giá sự đa dạng di truyền tập đoàn giống khoai mỡ (Dioscorea sp.) dựa trên đặc điểm hình thái và dấu phân tử protein</subfield>
  </datafield>
  <datafield tag="245" ind1=" " ind2="0">
   <subfield code="c">Lê Hữu Khôi ; Hướng dẫn khoa học: Lê Việt Dũng</subfield>
  </datafield>
  <datafield tag="260" ind1=" " ind2=" ">
   <subfield code="a">Cần Thơ</subfield>
  </datafield>
  <datafield tag="260" ind1=" " ind2=" ">
   <subfield code="b">Trường Đại học Cần Thơ</subfield>
  </datafield>
  <datafield tag="260" ind1=" " ind2=" ">
   <subfield code="c">2005</subfield>
  </datafield>
  <datafield tag="520" ind1=" " ind2=" ">
   <subfield code="a">Luận văn &quot; Đánh giá sự đa dạng di truyền tập đoàn giống khoai mỡ (Dioscorea sp.) dựa trên đặc điểm hình thái và dấu phân tử protein&quot;, trong đó tác giả sưu tập 63  mẫu khoai mỡ từ các tỉnh Đồng bằng Sông Cửu Long, phân chia các loại khoai mỡ dựa vào đặc tính hình thái, tác giả cũng tiến hành điều tra về kỹ thuật canh tác của nông dân. Tiến hành trồng các mẫu giống trên và khảo sát đặc điểm hình thái. Dựa vào bảng mô tả đặc tính hình thái của IBPGR, tác giả phân biệt sự khác biệt về đặc tính hình thái giữa các loài và các giống trong cùng một loài. Cuối cùng, tác giả lấy mẫu protein của củ và điện di protein dựa vào Marker chuẩn và đã phân biệt được sự khác biệt giữa các loài khoai mỡ một cách nhanh chóng và chính xác.</subfield>
  </datafield>
  <datafield tag="650" ind1=" " ind2=" ">
   <subfield code="a">Floriculture,Winged yam</subfield>
  </datafield>
  <datafield tag="904" ind1=" " ind2=" ">
   <subfield code="i">Năm, QHieu</subfield>
  </datafield>
  <datafield tag="980" ind1=" " ind2=" ">
   <subfield code="a">Trung tâm Học liệu Trường Đại học Cần Thơ</subfield>
  </datafield>
 </record>
</collection>
